00327pab a2200133 454500008004000000100002200040245005200062260000900114300001300123362001200136650001100148650002100159773001300180180718b1981 xxu||||| |||| 00| 0 eng d aBanerjee, Nirmala aFormulation of a grants policy for local bodies c1981 ap.12-27. aApr-Jun aGrants aLocal government aNagarlok